=LDR 00000nam 2200000 4500 =001 INLIS000000000039244 =005 20130612144902 =008 ***********************************Ind** =035 ##$$0010-061300000039244 =041 ##$$a Ind =082 ##$$a 813 =090 ##$$a 813, Cool b =100 ##$$a Collins,Yvonne =245 ##$$a Buket Penganten Ketiga Belas, Yvonne Collins =260 ##$$a 2005 $b Jakarta =300 ##$$a 518 hlm., 18 cm =650 ##$$a Sastra Indonesia =850 ##$$a NBPNMAT